000 01273nam a2200289 c 4500
003 BLK
005 20180422102106.0
008 180408b bul|||||r ||||||| ||bul||
010 _aKNG00061436000
040 _aBLK
041 _aBUL
_cBUL
080 _aАвтоматизация
_b005.591.6
_x(075.8)
_z005.591.6(075.8)
080 _aПроектиране. Конструкции и съставни части на системите за обработка на данни
_b681.3.02
_x(075.8)
_z681.3.02(075.8)
100 1 _aБъчваров, А.
_eпърви автор
_9287614
700 1 _aБъчваров, А.
_eобща ред. на
_9369502
139 _aПроектиране на автоматизирани информационни системи
_bП91
245 1 0 _aПроектиране на автоматизирани информационни системи
_bУчебник за студентите от ВИИ
_cА. Бъчваров; обща ред. на А. Бъчваров.
257 _aBGR
260 София
_bНаука и изкуство
_c1989
300 _a312 с.
_c22 см
380 _a62
852 _aЦб 160290
856 4 _qpdf
_u
856 4 _qpdf
_u
942 _cKNG
_n0
944 _aCR
_c13.06.2004
_kЧиталня
944 _aED
_c10.09.2015
_k
999 _c57433
_d57433